Amerikat dahdin (Record no. 2831)

MARC details
000 -LEADER
fixed length control field 00484cam a2200205ua 4500
001 - CONTROL NUMBER
control field 2985
005 - DATE AND TIME OF LATEST TRANSACTION
control field 20260515113621.0
008 - FIXED-LENGTH DATA ELEMENTS--GENERAL INFORMATION
fixed length control field 120217n ii |||gr||||Z||||||asm
020 ## - INTERNATIONAL STANDARD BOOK NUMBER
International Standard Book Number 81-7339-055-X
040 ## - CATALOGING SOURCE
Transcribing agency MAIN
082 ## - DEWEY DECIMAL CLASSIFICATION NUMBER
Classification number 808.8032
100 ## - MAIN ENTRY--PERSONAL NAME
Personal name Saikia, Nagen,
Relator term Author.
245 11 - TITLE STATEMENT
Title Amerikat dahdin
Statement of responsibility, etc. by Nagen Saikia
250 ## - EDITION STATEMENT
Edition statement 2nd.
260 ## - PUBLICATION, DISTRIBUTION, ETC.
Place of publication, distribution, etc. Guahati:
Name of publisher, distributor, etc. Banalata,994.
300 ## - PHYSICAL DESCRIPTION
Extent 142p:
Dimensions 23cm.
653 ## - INDEX TERM--UNCONTROLLED
Uncontrolled term Travelogue
653 ## - INDEX TERM--UNCONTROLLED
Uncontrolled term Amerikat dahdin
942 ## - ADDED ENTRY ELEMENTS (KOHA)
Koha item type Books
Holdings
Withdrawn status Lost status Damaged status Not for loan Home library Current library Shelving location Date acquired Total checkouts Full call number Barcode Date last seen Copy number Price effective from Koha item type
        Naharkatiya College Library Naharkatiya College Library General stacks 09/19/2020   808.8032 | SAI 10757 09/19/2020 1 09/19/2020 Books
        Naharkatiya College Library Naharkatiya College Library General stacks 09/19/2020   808.8032 | SAI 9994 09/19/2020 2 09/19/2020 Books